000 00857cam a2200253 a 4500
001 11770171
005 20180309093149.0
008 990812s2000 nju 001 0 eng
010 _a 99045171
020 _a0691049513 (cloth : alk. paper)
020 _a0691049521 (pbk. : alk. paper)
035 _a(DLC) 99045171
040 _aDLC
_cDLC
_dDLC
041 _aeng
043 _an-us---
080 _a342.7302 GEO
082 0 0 _a342.7302 GEO
_221
100 _a14
101 _aSHJ
245 0 0 _aGreat cases in constitutional law /
_cedited by Robert P. George.
906 _a7
_bcbc
_corignew
_d1
_eocip
_f19
_gy-gencatlg
942 _2ddc
_cBK
999 _c44639
_d44639